Piłkarz, siatkarz, koszykarz czy skoczek narciarski? #7 - Statystyki

Ogólne statystyki
  • Ten quiz został rozwiązany 52 razy
  • Średni wynik to 13 z 15
Statystyki odpowiedzi
Zagadnienie Odpowiedź % Poprawnych
Który sport uprawia Cristiano Ronaldo? Piłka nożna
100%
Który sport uprawiał Adam Małysz? Skoki narciarskie
100%
Który sport uprawia Markus Eisenbichler? Skoki narciarskie
98%
Który sport uprawiał Janne Ahonen? Skoki narciarskie
96%
Który sport uprawia Steve Nash? Koszykówka
94%
Który sport uprawia Florian Wirtz? Piłka nożna
90%
Który sport uprawia Bruno Fernandes? Piłka nożna
87%
Który sport uprawia Krzysztof Ignaczak? Siatkówka
87%
Który sport uprawia James Harden? Koszykówka
85%
Który sport uprawiał Wilt Chamberlain? Koszykówka
85%
Który sport uprawia Nico Williams? Piłka nożna
85%
Który sport uprawia Alessandro Michieletto? Siatkówka
85%
Który sport uprawia Bartłomiej Bołądź? Siatkówka
83%
Który sport uprawia Kewin Sasak? Siatkówka
77%
Który sport uprawia Maximilian Ortner? Skoki narciarskie
65%
Nie znaleziono quizów pasujących do podanych kryteriów
Rozkład punktacji
Procent ludzi z każdym wynikiem
Percentyl według liczby udzielonych odpowiedzi
Twoja historia wyników
Nie rozwiązałeś tego quizu